|
|
|
|
| LEADER |
01384nam a2200325 a 4500 |
| 001 |
31825 |
| 003 |
BD-DhAAL |
| 005 |
20211125115418.0 |
| 008 |
170523s2009 enk b 001 0 eng d |
| 999 |
|
|
|c 37999
|d 37999
|
| 010 |
|
|
|a 2009004694
|
| 020 |
|
|
|a 9780521881166 (hbk.)
|
| 020 |
|
|
|a 0521881161 (hbk.)
|
| 020 |
|
|
|a 9780521707473 (pbk.)
|
| 020 |
|
|
|a 0521707471 (pbk.)
|
| 040 |
|
|
|a DLC
|c DLC
|d BTCTA
|d YDXCP
|d BWKUK
|d BWK
|d CDX
|d DLC
|d BD-DhAAL
|
| 082 |
0 |
0 |
|a 342.083
|2 23
|
| 100 |
1 |
|
|a Price, Matthew E.
|9 21138
|
| 245 |
1 |
0 |
|a Rethinking asylum :
|b history, purpose, and limits /
|c Matthew E. Price.
|
| 260 |
|
|
|a Cambridge, UK ;
|a New York :
|b Cambridge University Press,
|c 2009.
|
| 300 |
|
|
|a x, 279 pages ;
|c 24 cm.
|
| 504 |
|
|
|a Includes bibliographical references (p. 253-269) and index.
|
| 526 |
|
|
|a SOL
|
| 541 |
|
|
|e 31825,31826
|
| 650 |
|
0 |
|a Asylum, Right of.
|9 21139
|
| 650 |
|
0 |
|a Law.
|9 43159
|
| 852 |
|
|
|a Ayesha Abed Library
|c General Stacks
|
| 942 |
|
|
|2 ddc
|c BK
|
| 952 |
|
|
|0 0
|1 0
|2 ddc
|4 0
|6 342_083000000000000_PRI
|7 0
|9 60706
|a BRACUL
|b BRACUL
|c GEN
|d 2017-05-22
|e Karim International
|g 2900.00
|l 2
|m 35
|o 342.083 PRI
|p 3010031825
|r 2025-04-28
|s 2025-02-17
|t 1
|v 2900.00
|w 2017-05-22
|y BK
|
| 952 |
|
|
|0 0
|1 0
|2 ddc
|4 0
|6 342_083000000000000_PRI
|7 0
|9 60707
|a BRACUL
|b BRACUL
|c GEN
|d 2017-05-22
|e Karim International
|g 2900.00
|l 2
|m 28
|o 342.083 PRI
|p 3010031826
|r 2023-09-17
|s 2023-06-05
|t 2
|v 2900.00
|w 2017-05-22
|y BK
|